[Event "Mittelrhein Verbandsliga Nord 1920"]
[Site "Mittelrhein"]
[Date "2020.01.19"]
[Round "5.7"]
[White "Multhauf, Stefan"]
[Black "Humeniuk, Andreas"]
[Result "0-1"]
[WhiteElo "1727"]
[BlackElo "1725"]
[PlyCount "62"]
[EventDate "2019.09.29"]
[EventType "team-tourn"]
[EventRounds "9"]
[EventCountry "GER"]
[SourceTitle "EXT 2023"]
[Source "ChessBase"]
[SourceDate "2022.10.05"]
[SourceVersion "1"]
[SourceVersionDate "2022.10.05"]
[SourceQuality "1"]
[WhiteTeam "Leverkusen Koenigsspringer"]
[BlackTeam "Koeln Muelheim"]
[WhiteTeamCountry "GER"]
[BlackTeamCountry "GER"]

1. d4 d5 2. Bf4 e6 3. e3 Nf6 4. Nd2 Bd6 5. Bg3 Qe7 6. Ngf3 Nbd7 7. Ne5 0-0 8. Bd3 c5 9. c3 c4 10. Bc2 Re8 11. 0-0 Nf8 12. Bh4 Ng6 13. Nxg6 hxg6 14. e4 dxe4 15. Bxf6 gxf6 16. Bxe4 f5 17. Bf3 Kg7 18. g3 Rh8 19. Nxc4 Bc7 20. Re1 Qg5 21. Qd2 f4 22. Ne5 f6 23. Ng4 Qh5 24. d5 fxg3 25. fxg3 Bb6+ 26. Kf1 e5 27. Qe2 Qh3+ 28. Qg2 Bxg4 29. Bxg4 Qxg4 30. Re4 Qf5+ 31. Ke1 Rxh2 0-1

[Event "Mittelrhein Verbandsliga-N 17/18"]
[Site "Nordrheinwestfalen"]
[Date "2018.02.04"]
[Round "7.8"]
[White "Humeniuk, Andreas"]
[Black "Schwarz, Alexander"]
[Result "1-0"]
[WhiteElo "1729"]
[BlackElo "1933"]
[PlyCount "51"]
[EventDate "2017.09.10"]
[EventType "team-swiss"]
[EventRounds "11"]
[EventCountry "GER"]
[SourceTitle "EXT 2022"]
[Source "ChessBase"]
[SourceDate "2021.10.06"]
[SourceVersion "1"]
[SourceVersionDate "2021.10.06"]
[SourceQuality "1"]
[WhiteTeam "Koeln Muelheim"]
[BlackTeam "Hitdorf SV Springer"]
[WhiteTeamCountry "GER"]
[BlackTeamCountry "GER"]

1. d4 Nf6 2. Nf3 g6 3. Nbd2 d5 4. e3 Bg7 5. Bd3 0-0 6. 0-0 Nbd7 7. c3 c5 8. Re1 Qc7 9. h3 b6 10. e4 Nxe4 11. Nxe4 dxe4 12. Bxe4 Rb8 13. g3 Re8 14. Bf4 e5 15. dxe5 Nxe5 16. Bd5 Bb7 17. Bxb7 Rxb7 18. Nxe5 Bxe5 19. Qd5 Qc8 20. Rxe5 Rd8 21. Qe4 Rbd7 22. Re1 Rd1 23. Rxd1 Rxd1+ 24. Kh2 Kg7 25. Re7 Rf1 26. Qe5+ 1-0

[Event "Mittelrhein Verbandsliga-M 1112"]
[Site "Germany"]
[Date "2012.05.20"]
[Round "11.6"]
[White "Scharapov, Yvan"]
[Black "Humeniuk, Andreas"]
[Result "1/2-1/2"]
[WhiteElo "1736"]
[BlackElo "1705"]
[PlyCount "38"]
[EventDate "2011.09.18"]
[EventType "team-tourn"]
[EventRounds "11"]
[EventCountry "GER"]
[SourceTitle "EXT 2013"]
[Source "ChessBase"]
[SourceDate "2012.11.22"]
[SourceVersion "1"]
[SourceVersionDate "2012.11.22"]
[SourceQuality "1"]
[WhiteTeam "Aachen Aufwaerts III"]
[BlackTeam "Koeln Muelheim II"]
[WhiteTeamCountry "GER"]
[BlackTeamCountry "GER"]

1. c4 Nf6 2. Nc3 e6 3. g3 d5 4. cxd5 exd5 5. Nf3 Nbd7 6. d3 c6 7. Bg2 Bd6 8. 0-0 0-0 9. a3 Re8 10. b4 Ne5 11. Qd2 Nxf3+ 12. Bxf3 Bg4 13. Bg2 Qd7 14. Re1 Rad8 15. Bb2 Qf5 16. f3 Bh5 17. Nd1 Bg6 18. Nf2 Qe6 19. Bh3 Qe3 1/2-1/2

[Event "Bergisch Gladbach-ch"]
[Site "Bergisch Gladbach"]
[Date "2007.10.02"]
[Round "7"]
[White "Marino, Eric"]
[Black "Humeniuk, Andreas"]
[Result "1/2-1/2"]
[WhiteElo "1618"]
[BlackElo "1741"]
[PlyCount "43"]
[EventDate "2007.08.24"]
[EventType "swiss"]
[EventRounds "7"]
[EventCountry "GER"]
[SourceTitle "EXT 2011"]
[Source "ChessBase"]
[SourceDate "2010.11.26"]
[SourceVersion "1"]
[SourceVersionDate "2010.11.26"]
[SourceQuality "1"]

1. e4 Nc6 2. d4 d5 3. e5 Bf5 4. c3 e6 5. Bd3 Nge7 6. Nf3 Bxd3 7. Qxd3 Nf5 8. 0-0 Be7 9. Nbd2 0-0 10. Re1 Nb8 11. Nf1 c5 12. Ne3 Nh6 13. Nf1 cxd4 14. Bxh6 gxh6 15. cxd4 Nc6 16. Ng3 Bg5 17. a3 Rc8 18. Nh5 Be7 19. Rac1 Kh8 20. h3 Rg8 21. Nh2 Rg5 22. Ng3 1/2-1/2